[Event "Hilversum op"]
[Site "Hilversum"]
[Date "2025.06.20"]
[Round "1"]
[White "Van Arendonk, Polle"]
[Black "De Wit, Tex"]
[Result "1-0"]
[WhiteElo "2032"]
[BlackElo "2296"]
[PlyCount "103"]
[EventDate "2025.06.20"]
[EventType "swiss"]
[EventRounds "6"]
[EventCountry "NED"]
[SourceTitle "CB26_2025"]
[SourceDate "2025.06.25"]
[SourceVersion "1"]
[SourceVersionDate "2025.06.25"]
[SourceQuality "1"]

1. e4 e5 2. Nf3 Nf6 3. Nxe5 d6 4. Nf3 Nxe4 5. Nc3 Nxc3 6. dxc3 Be7 7. Be3 Nd7 8. Qd2 Ne5 9. 0-0-0 Nxf3 10. gxf3 Be6 11. Rg1 g6 12. Bd4 Rg8 13. c4 Qd7 14. Qa5 b6 15. Qa6 c5 16. Be3 Qc8 17. Qa3 Qc7 18. f4 0-0-0 19. Qb3 Bf6 20. Bg2 Rge8 21. Rd2 Kb8 22. Qd3 Bc8 23. Rgd1 Bb7 24. Bd5 Bg7 25. Qf1 Bxd5 26. Rxd5 f5 27. Qd3 Re6 28. Bd2 Qe7 29. Be3 Qb7 30. Qa3 Bf6 31. R1d3 Kc7 32. Qa4 a5 33. Rb3 Qc6 34. Rb5 Re4 35. Qb3 Rde8 36. Qd3 R8e6 37. a3 Bd4 38. Bxd4 Rxd4 39. Rxd4 Qh1+ 40. Qd1 Re1 41. Rxd6 Rxd1+ 42. Rxd1 Qxh2 43. Rb3 Qxf4+ 44. Kb1 Qxc4 45. Rbd3 Qe6 46. f4 Qe4 47. Rd7+ Kc6 48. R1d6+ Kb5 49. a4+ Qxa4 50. Rb7 Qe4 51. Rbxb6+ Ka4 52. Rd3 1-0

[Event "Utrecht OKU op 49th"]
[Site "Utrecht"]
[Date "2024.05.10"]
[Round "2"]
[White "Labruyere, Roger"]
[Black "Van Arendonk, Polle"]
[Result "1-0"]
[WhiteElo "2268"]
[BlackElo "1938"]
[PlyCount "40"]
[EventDate "2024.05.10"]
[EventType "swiss"]
[EventRounds "6"]
[EventCountry "NED"]
[SourceTitle "CBM 220 Extra"]
[Source "ChessBase"]
[SourceDate "2024.07.31"]
[SourceVersion "1"]
[SourceVersionDate "2024.07.31"]
[SourceQuality "1"]

1. e4 e6 2. d4 d5 3. Nc3 Bb4 4. Nge2 dxe4 5. a3 Be7 6. Nxe4 Nd7 7. Be3 Ngf6 8. Nxf6+ Nxf6 9. Ng3 Bd7 10. Bd3 Bc6 11. 0-0 h5 12. f3 Bd6 13. c4 Bxg3 14. hxg3 h4 15. gxh4 Rxh4 16. d5 Bd7 17. Qe1 Nh5 18. Bf2 Rf4 19. Qe5 Rh4 20. g4 Rh3 1-0

[Event "Utrecht Keres Memorial"]
[Site "Utrecht"]
[Date "2022.05.28"]
[Round "4"]
[White "Van Arendonk, Polle"]
[Black "Dekker, Albert"]
[Result "1-0"]
[WhiteElo "1663"]
[BlackElo "1805"]
[PlyCount "95"]
[EventDate "2022.05.27"]
[EventType "swiss"]
[EventRounds "6"]
[EventCountry "NED"]
[SourceTitle "CBM 208 Extra"]
[Source "ChessBase"]
[SourceDate "2022.07.31"]
[SourceVersion "1"]
[SourceVersionDate "2022.07.31"]
[SourceQuality "1"]

1. e4 c5 2. Nf3 d6 3. d4 cxd4 4. Nxd4 Nf6 5. Nc3 a6 6. Be3 e5 7. Nb3 Be6 8. f3 Be7 9. Qd2 Nbd7 10. 0-0-0 b5 11. g4 Nb6 12. Qf2 Nc4 13. Bxc4 bxc4 14. Nd2 Rb8 15. g5 Nh5 16. Nd5 Bxd5 17. exd5 Qa5 18. Nxc4 Qxa2 19. b3 Rc8 20. Qf1 0-0 21. Kd2 Rxc4 22. Qxc4 Qa5+ 23. b4 Qd8 24. h4 Ng3 25. Rhg1 Nf5 26. Ra1 Qb8 27. Bf2 Rc8 28. Qb3 Nd4 29. Bxd4 exd4 30. Qb2 Qb6 31. Rge1 Bf8 32. Ra3 g6 33. Rd3 Bg7 34. Qb3 Qb5 35. Ra1 Be5 36. Ra5 Bf4+ 37. Kd1 Qd7 38. Rxd4 Be5 39. Rc4 Re8 40. Qa4 Qd8 41. Rxa6 Bg3 42. Re4 Rf8 43. Qc6 f5 44. Re6 Qb8 45. b5 Rc8 46. Qd7 Rd8 47. Qe7 Rf8 48. Ra7 1-0

[Event "NED-ch U14"]
[Site "Almelo"]
[Date "2022.05.05"]
[Round "7"]
[White "De Winter, Arthur"]
[Black "Van Arendonk, Polle"]
[Result "1-0"]
[WhiteElo "2138"]
[BlackElo "1784"]
[PlyCount "107"]
[EventDate "2022.05.01"]
[EventType "swiss"]
[EventRounds "9"]
[EventCountry "NED"]
[SourceTitle "EXT 2023"]
[Source "ChessBase"]
[SourceDate "2022.10.05"]
[SourceVersion "1"]
[SourceVersionDate "2022.10.05"]
[SourceQuality "1"]

1. e4 e6 2. d4 d5 3. Nc3 Bb4 4. Nge2 dxe4 5. a3 Ba5 6. b4 Bb6 7. Nxe4 Nf6 8. Bg5 Nbd7 9. c4 a6 10. g3 h6 11. Nxf6+ Nxf6 12. Bf4 c6 13. Bg2 Nh5 14. Be5 f6 15. Nf4 Nxf4 16. Bxf4 0-0 17. c5 Bc7 18. Bxc7 Qxc7 19. Qb3 Bd7 20. 0-0 Kh8 21. a4 Rfe8 22. Rad1 Rad8 23. Rfe1 Bc8 24. Bf1 e5 25. dxe5 Rxd1 26. Qxd1 Rxe5 27. Rxe5 fxe5 28. Qf3 Qe7 29. Qe4 Qe6 30. Bd3 g6 31. Qxg6 Qxg6 32. Bxg6 Kg7 33. Be4 Be6 34. Kg2 Kf6 35. Kf3 Kg5 36. Ke3 Kf6 37. f4 Bb3 38. a5 Be6 39. Kf3 Bd7 40. g4 Be6 41. h4 Bd7 42. g5+ hxg5 43. fxg5+ Kg7 44. h5 Be6 45. Kg3 Bd7 46. Kh4 Be6 47. h6+ Kf7 48. g6+ Kf6 49. g7 Kf7 50. Bh7 Kf6 51. g8Q Bxg8 52. Bxg8 e4 53. h7 Kg7 54. Kg4 1-0